00670nam a2200217 k 4500001001300000005001500013008004100028020003300069040001900102049001700121056001500138090002200153100001400175245010100189260003300290300001600323653003600339700001400375740005200389950001100441KMO20260061020260331090800260328s2025 ggk 000 kor a9791173576577g03320c\22000 a146043c1460430 lMEM000012187 a327.85626 a327.856b이16ㅈ1 a이광수10a진보를 위한 주식투자b광수네 복덕방, 모두의 투자 이야기d이광수 지음 a파주b21세기북스c2025 a259p.c23cm a진보a주식투자a재테크1 a이광수02a광수네 복덕방, 모두의 투자 이야기0 b\22000 |
|---|